[Event "Pobeskydy op"]
[Site "Frydek Mistek"]
[Date "2017.04.16"]
[Round "7"]
[White "Djaballah, Farouk"]
[Black "Kowalczyk, Pawel"]
[Result "0-1"]
[WhiteElo "2087"]
[BlackElo "2343"]
[PlyCount "100"]
[EventDate "2017.04.13"]
[EventType "swiss"]
[EventRounds "9"]
[EventCountry "CZE"]
[SourceTitle "CBM 177 Extra"]
[Source "ChessBase"]
[SourceDate "2017.04.27"]
[SourceVersion "1"]
[SourceVersionDate "2017.04.27"]
[SourceQuality "1"]

1. e4 c5 2. Nf3 e6 3. d4 cxd4 4. Nxd4 Nf6 5. Nc3 d6 6. Be2 Be7 7. Be3 a6 8. 0-0 0-0 9. f4 b5 10. Bf3 Bb7 11. e5 Nd5 12. Nxd5 exd5 13. Nf5 dxe5 14. Bxd5 Nc6 15. Bxc6 Bxc6 16. Qxd8 Bxd8 17. fxe5 Re8 18. Bd4 Re6 19. Rf2 Bc7 20. c3 Bxe5 21. Bxe5 Rxe5 22. Rd1 Rae8 23. h3 f6 24. Rd6 Be4 25. Nd4 a5 26. Nc6 Bxc6 27. Rxc6 Re1+ 28. Kh2 R1e2 29. Kg1 Re1+ 30. Kh2 R8e2 31. Kg3 Rxf2 32. Kxf2 Rb1 33. b4 axb4 34. cxb4 Rxb4 35. Rc2 Kf7 36. Ke3 h5 37. Kd3 Ke6 38. Rc5 g5 39. Kc3 Rb1 40. Kc2 Rg1 41. Rxb5 Rxg2+ 42. Kb1 Rh2 43. Rb6+ Kf5 44. Rb5+ Kg6 45. Rb3 g4 46. hxg4 hxg4 47. a4 f5 48. a5 Rh7 49. Kc1 Ra7 50. Rb5 g3 0-1

[Event "Hradec Kralove op 7th"]
[Site "Hradec Kralove"]
[Date "2016.10.08"]
[Round "9"]
[White "Djaballah, Farouk"]
[Black "Swicarz, Maciej"]
[Result "1/2-1/2"]
[WhiteElo "2072"]
[BlackElo "2294"]
[PlyCount "26"]
[EventDate "2016.10.01"]
[EventType "swiss"]
[EventRounds "9"]
[EventCountry "CZE"]
[SourceTitle "EXT 2017"]
[Source "ChessBase"]
[SourceDate "2016.10.25"]
[SourceVersion "1"]
[SourceVersionDate "2016.10.25"]
[SourceQuality "1"]

1. e4 d5 2. exd5 Qxd5 3. Nc3 Qd6 4. d4 Nf6 5. Nf3 c6 6. h3 Bf5 7. Bd3 Bxd3 8. Qxd3 e6 9. Ne5 Be7 10. a3 0-0 11. Bf4 Qd8 12. 0-0 Nd5 13. Bg3 Nd7 1/2-1/2

[Event "Hradec Kralove op 7th"]
[Site "Hradec Kralove"]
[Date "2016.10.07"]
[Round "8"]
[White "Djaballah, Farouk"]
[Black "Tesar, Jan"]
[Result "1-0"]
[WhiteElo "2072"]
[BlackElo "2088"]
[PlyCount "111"]
[EventDate "2016.10.01"]
[EventType "swiss"]
[EventRounds "9"]
[EventCountry "CZE"]
[SourceTitle "EXT 2017"]
[Source "ChessBase"]
[SourceDate "2016.10.25"]
[SourceVersion "1"]
[SourceVersionDate "2016.10.25"]
[SourceQuality "1"]

1. e4 c5 2. Nf3 a6 3. d4 cxd4 4. Nxd4 Nf6 5. Nc3 e5 6. Nb3 Bb4 7. Bd3 d5 8. exd5 Nxd5 9. Bd2 Nxc3 10. bxc3 Be7 11. 0-0 Nc6 12. Re1 0-0 13. Be4 Qc7 14. Qf3 f5 15. Bd5+ Kh8 16. c4 Bf6 17. Rad1 Bd7 18. Qe2 Rae8 19. Qh5 g6 20. Qh6 Bg7 21. Qh4 e4 22. Bf4 Ne5 23. Re3 Bc6 24. Rh3 Bf6 25. Qg3 Qe7 26. Bxc6 bxc6 27. Bxe5 Bxe5 28. Qxg6 Rd8 29. Rxd8 Rxd8 30. g3 Qd7 31. Kg2 Rg8 32. Qh5 Bf6 33. Nc5 Qe7 34. Qxf5 Rg5 35. Qc8+ Rg8 36. Qxc6 e3 37. fxe3 Rg6 38. Qc8+ Kg7 39. Ne6+ Kf7 40. Rxh7+ Bg7 41. Nd8+ Kg8 42. Nc6+ Qf8 43. Qxf8+ Kxf8 44. Nd4 Rb6 45. c5 Rb2 46. Kf3 Rxa2 47. Rxg7 Kxg7 48. c6 Ra4 49. Ke4 Kf6 50. Kd5 Ke7 51. h4 Ra1 52. h5 a5 53. h6 a4 54. h7 Rh1 55. Nf5+ Kf6 56. c7 1-0

[Event "ALG Cup"]
[Site "Algiers"]
[Date "2013.11.??"]
[Round "6"]
[White "Salhi, Nouressadat"]
[Black "Djaballah, Farouk"]
[Result "0-1"]
[WhiteElo "1960"]
[BlackElo "2040"]
[PlyCount "71"]
[EventDate "2013.11.??"]
[EventType "k.o."]
[EventRounds "6"]
[EventCountry "ALG"]
[SourceTitle "EXT 2015"]
[Source "ChessBase"]
[SourceDate "2014.11.20"]
[SourceVersion "1"]
[SourceVersionDate "2014.11.20"]
[SourceQuality "1"]

1. e4 c5 2. Nf3 d6 3. d4 cxd4 4. Nxd4 Nf6 5. Nc3 a6 6. Bd3 e5 7. Nb3 Be7 8. 0-0 0-0 9. f4 Nc6 10. Nd5 Nxd5 11. exd5 Nb4 12. Be2 Bf5 13. fxe5 Bxc2 14. Qd4 dxe5 15. Qxe5 Nxa2 16. Nd4 Nxc1 17. Raxc1 Bg6 18. Nf5 Bf6 19. Nh6+ Kh8 20. Rxf6 gxf6 21. Qd4 Qd6 22. Ng4 Kg7 23. Rf1 Rac8 24. b4 Rfe8 25. Rxf6 Rc1+ 26. Rf1+ f6 27. Rxc1 Rxe2 28. Rc7+ Re7 29. Rxe7+ Qxe7 30. h3 Qd8 31. Qc5 a5 32. Ne3 Kf7 33. Nc4 a4 34. Kf2 Bd3 35. Nd2 a3 36. d6 0-1

[Event "Monastir Slama Memorial op"]
[Site "Monastir"]
[Date "2013.09.14"]
[Round "8"]
[White "Boudriga, Mohamed Ali"]
[Black "Djaballah, Farouk"]
[Result "1/2-1/2"]
[WhiteElo "2274"]
[BlackElo "2017"]
[PlyCount "73"]
[EventDate "2013.09.09"]
[EventType "swiss"]
[EventRounds "9"]
[EventCountry "TUN"]
[SourceTitle "CBM 156 Extra"]
[Source "ChessBase"]
[SourceDate "2013.10.22"]
[SourceVersion "1"]
[SourceVersionDate "2013.10.22"]
[SourceQuality "1"]

1. e4 c5 2. Nf3 d6 3. c3 Nf6 4. h3 Nc6 5. Bd3 g6 6. 0-0 Bg7 7. Bc2 0-0 8. Re1 Qc7 9. d4 e5 10. dxc5 dxc5 11. Bg5 Be6 12. Nbd2 Nh5 13. Bb3 h6 14. Be3 Bxb3 15. axb3 b6 16. Qe2 Rad8 17. Nc4 Rd7 18. Nh2 Rfd8 19. Ng4 Nf4 20. Bxf4 exf4 21. Rad1 h5 22. Nh2 b5 23. Na3 a6 24. Nf3 Ne5 25. Nxe5 Bxe5 26. Rd5 Rxd5 27. exd5 Rxd5 28. c4 bxc4 29. Nxc4 Bf6 30. Qf3 Rd8 31. g3 Kg7 32. gxf4 Rd4 33. Ne5 Rd2 34. Nc4 Rd5 35. Ne5 Rd2 36. Nc4 Rd4 37. Ne5 1/2-1/2

[Event "Monastir Slama Memorial op"]
[Site "Monastir"]
[Date "2013.09.10"]
[Round "2"]
[White "Jmila, Omar"]
[Black "Djaballah, Farouk"]
[Result "0-1"]
[WhiteElo "2098"]
[BlackElo "2017"]
[PlyCount "56"]
[EventDate "2013.09.09"]
[EventType "swiss"]
[EventRounds "9"]
[EventCountry "TUN"]
[SourceTitle "CBM 156 Extra"]
[Source "ChessBase"]
[SourceDate "2013.10.22"]
[SourceVersion "1"]
[SourceVersionDate "2013.10.22"]
[SourceQuality "1"]

1. e4 c5 2. Nf3 d6 3. b3 Nc6 4. Bb2 e5 5. Nc3 f5 6. Bb5 Nf6 7. d3 a6 8. Bc4 b5 9. Bd5 Nxd5 10. Nxd5 Be6 11. a4 Bxd5 12. exd5 Nb4 13. c4 bxc4 14. bxc4 Be7 15. 0-0 0-0 16. Re1 Bf6 17. a5 Rb8 18. Bc3 Rf7 19. Qd2 h6 20. Ra4 Rfb7 21. h4 g5 22. hxg5 hxg5 23. Rea1 g4 24. Ne1 Qe8 25. R4a3 Qh5 26. Rb3 Bg5 27. Qb2 f4 28. Qe2 Rh7 0-1

[Event "Monastir Slama Memorial op"]
[Site "Monastir"]
[Date "2013.09.09"]
[Round "1"]
[White "Djaballah, Farouk"]
[Black "Zaibi, Amir"]
[Result "0-1"]
[WhiteElo "2017"]
[BlackElo "2227"]
[PlyCount "74"]
[EventDate "2013.09.09"]
[EventType "swiss"]
[EventRounds "9"]
[EventCountry "TUN"]
[SourceTitle "CBM 156 Extra"]
[Source "ChessBase"]
[SourceDate "2013.10.22"]
[SourceVersion "1"]
[SourceVersionDate "2013.10.22"]
[SourceQuality "1"]

1. e4 c5 2. Nf3 e6 3. d4 cxd4 4. Nxd4 Nc6 5. Nc3 Qc7 6. Be2 a6 7. 0-0 Nf6 8. Kh1 Nxd4 9. Qxd4 Bc5 10. Qd3 b5 11. f4 Bb7 12. e5 Nd5 13. Nxd5 Bxd5 14. Qg3 g6 15. a4 b4 16. Bd2 d6 17. c3 dxe5 18. fxe5 bxc3 19. Bxc3 Qb7 20. b4 Bxb4 21. Rab1 Bxg2+ 22. Qxg2 Qxg2+ 23. Kxg2 Bxc3 24. Bxa6 0-0 25. Bb5 Bxe5 26. Rf2 Ra7 27. Re1 Bd4 28. Ra2 Rd8 29. Rd2 Bb6 30. Rxd8+ Bxd8 31. Kf3 Kf8 32. h3 Ke7 33. Re2 Ba5 34. Rg2 Rc7 35. Ke4 Rc3 36. Rh2 Bb6 37. Rh1 g5 0-1

[Event "Pobeskydy op"]
[Site "Frydek Mistek"]
[Date "2013.03.30"]
[Round "6"]
[White "Rastropin, Yuriy"]
[Black "Djaballah, Farouk"]
[Result "1-0"]
[WhiteElo "1878"]
[BlackElo "2065"]
[PlyCount "151"]
[EventDate "2013.03.28"]
[EventType "swiss"]
[EventRounds "9"]
[EventCountry "CZE"]
[SourceTitle "CBM 153 Extra"]
[Source "ChessBase"]
[SourceDate "2013.04.22"]
[SourceVersion "1"]
[SourceVersionDate "2013.04.22"]
[SourceQuality "1"]

1. d4 d5 2. Nf3 Nf6 3. c4 c6 4. e3 Bf5 5. Nc3 e6 6. Bd3 Bxd3 7. Qxd3 Bd6 8. 0-0 Nbd7 9. e4 dxe4 10. Nxe4 Nxe4 11. Qxe4 Nf6 12. Qc2 0-0 13. Bg5 h6 14. Bh4 Be7 15. Rad1 Rc8 16. Qb3 Qb6 17. Qxb6 axb6 18. Rd3 g5 19. Bg3 Ra8 20. a3 Ra4 21. Rc1 Ne4 22. Bc7 Bd8 23. Bxd8 Rxd8 24. h3 Nd6 25. Nd2 b5 26. b4 bxc4 27. Nxc4 Nb5 28. Rcd1 f6 29. Kf1 Kf7 30. Ke2 Nc7 31. Kd2 Nd5 32. g3 Raa8 33. Kc2 Rd7 34. Kb3 Rad8 35. Ne3 h5 36. a4 Kg6 37. Nxd5 Rxd5 38. Kc3 g4 39. h4 Kf5 40. a5 e5 41. dxe5 fxe5 42. Kc4 Ke6 43. Rxd5 cxd5+ 44. Kc5 Rd6 45. b5 d4 46. Ra1 d3 47. a6 bxa6 48. bxa6 d2 49. a7 Rd8 50. Kb6 Kf5 51. Rd1 Ke4 52. Rxd2 Rxd2 53. a8Q+ Kd3 54. Qd5+ Ke2 55. Qxe5+ Kxf2 56. Qf4+ Ke2 57. Kc5 Rd3 58. Qe4+ Re3 59. Qg2+ Ke1 60. Kd4 Rf3 61. Ke4 Rf2 62. Qg1+ Ke2 63. Qb1 Rf3 64. Qb5+ Kf2 65. Qxh5 Kxg3 66. Qg5 Rf1 67. h5 Re1+ 68. Kd3 Rh1 69. h6 Rh3 70. Ke4 Rh1 71. Qf4+ Kh3 72. h7 Re1+ 73. Kf5 g3 74. h8Q+ Kg2 75. Qb2+ Kh1 76. Qf3+ 1-0